Follow That Line: Sideways Quiz Stats

 Plays Quiz not verified by Sporcle

Challenge
Share
Tweet
Embed
Score 0/26 Timer 12:00
0 Plays Today
% Correct
If anybody orders Merlot, I'm leaving. I'm not drinking any **** Merlot!
94.2%
Don't ask questions like that up in wine country, they'll think you're some kind of dumb****.
93.6%
We're pretty wiped, I think we're just gonna go back to the motel and crash.
93%
She works for tips!
91.3%
I saw him on Monday. I spent most of the time helping him with his computer.
90.7%
I know, I need to be spanked.
90.7%
What about the guy who wrote 'A Confederacy of Dunces'? He committed suicide before he was published and look how famous he is.
90.7%
Well he's an actor, so it can't be good.
89.5%
And there's just the faintest soupçon of asparagus and there's just a flutter of, like, a nutty Edam cheese.
89%
Because you said you had it all lined up.
87.2%
Maybe it just seemed new because everything leading up to it was so different.
86%
Oh did *we* mention it? You mentioned it, ****!
86%
Cutting it a little close, don't you think?
86%
% Correct
You understand literature, movies, wine.... but you don't understand my plight.
84.9%
You mean getting drunk and calling Victoria didn't put you in the mood?
83.7%
Oh really? How exciting. What's it called?
82.6%
That is, until it peaks, like your '61. And then it begins its steady, inevitable decline.
80.8%
See? Right there, what you just said. That is beautiful!
79.7%
Yeah, that'd be a good move. Are you chewing gum?
79.1%
Which is something, considering how long it took him to get over my not being Armenian.
78.5%
Now I have another lie to live down.
77.3%
Then its flavors, they're just the most haunting and brilliant and thrilling and subtle and ancient on the planet.
69.8%
If you don't have money at my age you're not even in the game anymore. You're just a pasture animal waiting for the abattoir.
68.6%
I like it. It's great! Oak-y.
65.1%
You know, there was a nice way to respond to that.
54.1%
Well, it's not worth it. You pay too big a price. It's never free.
50.6%

You're not logged in!

Compare scores with friends on all Sporcle quizzes.
Join for Free
OR
Log In

You Might Also Like...

Show Comments

Extras

Top Quizzes Today


Score Distribution

Your Account Isn't Verified!

In order to create a playlist on Sporcle, you need to verify the email address you used during registration. Go to your Sporcle Settings to finish the process.

Report this User

Report this user for behavior that violates our Community Guidelines.

Details: